| 000 | 00350nam a2200133Ia 4500 | ||
|---|---|---|---|
| 008 | 220216s9999 xx 000 0 und d | ||
| 245 | 0 | _aEnviromax planting recommendations, 1975-1976 | |
| 260 |
_bPlanters Bulletin _c1975 |
||
| 300 | _a27-50 | ||
| 650 | _aCrown buddingds | ||
| 650 | _aEnviromax | ||
| 650 | _aPlanting recommendations | ||
| 942 | _cJS | ||
| 999 |
_c58647 _d58647 |
||